Émissions TV diffusées sur TF1 en mort subite - Statistiques

Statistiques générales
  • Ce quiz a été pris 490 fois
  • Le résultat moyen est 57 sur 190
Answers on the Grid
Answers color-coded by a green-red scale on the quiz's grid according to % correct below.
7 sur 7
Les 30 Histoires les plus spectaculaires
30 millions d'amis
50 minutes inside
Les 100 plus grands...
120 minutes de bonheur
Ambitions
L'amour est aveugle
Appels d'urgence
Arthur et les Incollables
Au nom de la vérité
Au théâtre ce soir
Automoto
L'Aventure Robinson
Avis de recherche
Baby Boom
Le Bébête Show
Bienvenue à l'hôtel
Bienvenue au camping
Bienvenue aux mariés
Bienvenue chez nous
Bienvenue dans ma tribu
Bienvenue en famille
Bienvenue en vacances
Big Bounce, la course de trampoline
Bonjour ! La Matinale TF1
Bonjour la France
C'est Canteloup
C'est quoi l'amour
Ça me dit... et vous ?
Ça peut vous arriver
Ça va s'Cauet
Ça vaut le détour
Carnaval !
Carré ViiiP
Ce soir avec Arthur
La Chance aux chansons
La Chanson de l'année
Ciel, mon mardi !
Ciné Dimanche
Cinq à sept avec Arthur
Club Disney
Club Dorothée
Co-Co Boy
Combien ça coûte ?
Confessions intimes
Coucou c'est nous !
Danse avec les stars
Détox ta maison, 7 jours pour tout ranger
Domino Day
Droit de réponse
Le Droit de savoir
Drôle de jeu
Duos Mystères
Emmanuel Macron, les coulisses d'une victoire
Les Enfants de la télé
Les Enfoirés
Exclusif
Les Extra-ordinaires
F1 à la Une
Face à la Une
Familles nombreuses : la vie en XXL
La Ferme Célébrités
La France défigurée
La Fureur
Le Grand Bluff
Le Grand Blind test
Le Grand Duel des générations
La Grande Soirée anti-arnaque
Grands Reportages
Greg le millionnaire
Harry Roselmack en immersion
L'Hebdo Show
Histoires naturelles
Histoires sans paroles
L'Île aux enfants
L'Île de la tentation
Incroyable mais vrai !
Les Invisibles
Islam
Jacky Show
Je suis une célébrité, sortez-moi de là !
Le Jeu de la vérité
Le Jour du Seigneur
Journal de 13 heures
Journal de 20 heures
Koh-Lanta
Le Late avec Alain Chabat
Link, la vie en face
Love and Bluff : Qui de nous trois ?
La Maison de TF1
Marjolaine et les Millionnaires
Mask Singer
MasterChef
La Méthode Cauet
Midi Première
La Mini Fureur
Miss France
Mon incroyable fiancé
Mon plus beau Noël
Le Monde de l'accordéon
Money Drop
Mystères
Nice People
Numéro un
L'Odyssée de l'étrange
L'Or à l'appel
Orthodoxie
Pascal, le grand frère
Perdu de vue
Le Petit Rapporteur
Petits Plats en équilibre
Petits secrets entre voisins
Plein les yeux
Premier Amour
Première Compagnie
Présence protestante
Les P'tites Canailles
Ali Baba
Quatre mariages pour une lune de miel
Queer, cinq experts dans le vent
Questions à domicile
Qui sera le meilleur ce soir ?
Qui veut épouser mon fils ?
Reportages
Le Royaume
Sacrée Soirée
Sagas
Salut les petits loups
Salut les toons
Samedi soir on chante
Sans aucun doute
Sébastien c'est fou !
Secret Story
Sept à huit
Les Sept Péchés capitaux
La Soirée de l'étrange
Sosie ! Or Not Sosie ?
Splash : Le Grand Plongeon
Star Academy
Stars à domicile
Stars sous hypnose
Surprise sur prise !
Téléfoot
Téléshopping
Témoin numéro 1
Temps X
Tfou
Tous à la une
Tous ensemble
Très chasse
Allô quiz
La Une est à vous
Ushuaïa Nature
Vendredi tout est permis avec Arthur
Vidéo Gag
La Vie secrète des chats
Vis ma vie
The Voice Kids
The Voice : La Plus Belle Voix
Vol de nuit
Y'a que la vérité qui compte
Y a-t-il encore un coco dans le show ?
1 contre 100
À prendre ou à laisser
Atout Cœur
Attention à la marche !
Au pied du mur !
Le Bigdil
Crésus
District Z
Les Douze Coups de midi
Fear Factor
Good Singers
Le Grand Concours des animateurs
Le Grand Quiz du cerveau
Intervilles
Le Juste Prix
Le Maillon faible
Millionnaire
Ninja Warrior : Le Parcours des héros
Le Plus Grand Quiz de France
Qui veut gagner des millions ?
La Roue de la fortune
Tournez manège !
Une famille en or
The Wall : Face au mur
The Wheel : Le Cercle des 7
Wish List : La Liste de vos envies
Zone rouge
Braque la banque !
Le Bandit manchot
Carmouze sans l'autre bouze
Les Rois du Malaise
Dans la tête de Lagaf
Le Protocole de Stanish
Vision nocturne
Lis tes ratures !
La Vérité ou passe à la Trappe
Guess The Job
 
Statistiques - réponses
Réponse % Correct
Koh-Lanta
71%
Danse avec les stars
70%
Star Academy
68%
Tfou
68%
C'est Canteloup
67%
Secret Story
67%
The Voice Kids
67%
Sept à huit
66%
Miss France
65%
The Voice : La Plus Belle Voix
65%
Les Douze Coups de midi
64%
50 minutes inside
63%
Mask Singer
63%
Une famille en or
63%
Journal de 13 heures
62%
Money Drop
62%
Qui veut gagner des millions ?
62%
Téléfoot
62%
Bonjour ! La Matinale TF1
61%
Journal de 20 heures
61%
Vendredi tout est permis avec Arthur
61%
Le Juste Prix
60%
Les Enfoirés
60%
Ninja Warrior : Le Parcours des héros
60%
Petits Plats en équilibre
60%
Téléshopping
59%
Automoto
58%
Quatre mariages pour une lune de miel
57%
Familles nombreuses : la vie en XXL
56%
Le Grand Concours des animateurs
56%
Grands Reportages
55%
La Roue de la fortune
55%
La Maison de TF1
52%
Reportages
52%
Qui veut épouser mon fils ?
51%
Stars sous hypnose
50%
The Wall : Face au mur
50%
Attention à la marche !
49%
Les Enfants de la télé
49%
MasterChef
49%
Stars à domicile
49%
Le Maillon faible
48%
Petits secrets entre voisins
48%
Bienvenue au camping
47%
Le Bigdil
47%
À prendre ou à laisser
46%
Ce soir avec Arthur
46%
Baby Boom
44%
La Ferme Célébrités
44%
Club Dorothée
42%
Tournez manège !
42%
Bienvenue chez nous
41%
Les 100 plus grands...
41%
Cinq à sept avec Arthur
40%
Splash : Le Grand Plongeon
40%
Le Grand Blind test
39%
Harry Roselmack en immersion
38%
Ciné Dimanche
37%
F1 à la Une
37%
La Chanson de l'année
37%
Pascal, le grand frère
37%
Au nom de la vérité
36%
Bienvenue à l'hôtel
36%
Confessions intimes
36%
Le Plus Grand Quiz de France
36%
L'Île de la tentation
36%
Mon incroyable fiancé
36%
Je suis une célébrité, sortez-moi de là !
35%
1 contre 100
34%
Les 30 Histoires les plus spectaculaires
34%
District Z
33%
Vidéo Gag
33%
Intervilles
32%
Y'a que la vérité qui compte
32%
Emmanuel Macron, les coulisses d'une victoire
31%
La Méthode Cauet
31%
Le Grand Quiz du cerveau
31%
Tous ensemble
31%
7 sur 7
30%
Bienvenue en famille
30%
Greg le millionnaire
30%
30 millions d'amis
29%
Arthur et les Incollables
29%
Coucou c'est nous !
29%
Ushuaïa Nature
29%
Appels d'urgence
28%
Carré ViiiP
28%
Bienvenue en vacances
27%
Mon plus beau Noël
27%
Sacrée Soirée
27%
Sosie ! Or Not Sosie ?
27%
Au pied du mur !
25%
Good Singers
25%
Combien ça coûte ?
24%
Détox ta maison, 7 jours pour tout ranger
24%
La Vie secrète des chats
24%
Millionnaire
24%
Ça va s'Cauet
23%
Ciel, mon mardi !
23%
Incroyable mais vrai !
23%
L'Île aux enfants
23%
L'Or à l'appel
23%
The Wheel : Le Cercle des 7
23%
L'amour est aveugle
22%
Le Jeu de la vérité
22%
Vis ma vie
22%
Avis de recherche
21%
Crésus
21%
La Une est à vous
21%
Le Grand Duel des générations
21%
Le Late avec Alain Chabat
21%
Bienvenue aux mariés
20%
Face à la Une
20%
Le Grand Bluff
20%
Nice People
20%
Qui sera le meilleur ce soir ?
20%
Surprise sur prise !
20%
Les Sept Péchés capitaux
19%
Sans aucun doute
19%
Bonjour la France
18%
Marjolaine et les Millionnaires
18%
Zone rouge
18%
120 minutes de bonheur
17%
Duos Mystères
17%
Fear Factor
17%
Le Bébête Show
17%
Wish List : La Liste de vos envies
17%
Bienvenue dans ma tribu
16%
Big Bounce, la course de trampoline
16%
Club Disney
16%
La Soirée de l'étrange
16%
Midi Première
16%
Perdu de vue
16%
Queer, cinq experts dans le vent
16%
Salut les toons
16%
Ça peut vous arriver
15%
Domino Day
15%
Droit de réponse
15%
Les Invisibles
15%
L'Hebdo Show
15%
Mystères
15%
Première Compagnie
15%
Sagas
15%
Tous à la une
15%
La Fureur
14%
L'Aventure Robinson
14%
Le Jour du Seigneur
14%
Sébastien c'est fou !
14%
Témoin numéro 1
14%
Temps X
14%
Le Droit de savoir
13%
Les Extra-ordinaires
13%
Numéro un
13%
Premier Amour
13%
Vol de nuit
13%
Ambitions
12%
Drôle de jeu
12%
Exclusif
12%
Histoires naturelles
12%
Questions à domicile
12%
Ça vaut le détour
11%
C'est quoi l'amour
11%
Jacky Show
11%
La Mini Fureur
11%
Plein les yeux
11%
Samedi soir on chante
11%
Allô quiz
10%
Carnaval !
10%
La Chance aux chansons
10%
La Grande Soirée anti-arnaque
10%
Le Petit Rapporteur
10%
Les P'tites Canailles
10%
Y a-t-il encore un coco dans le show ?
10%
Au théâtre ce soir
9%
Ça me dit... et vous ?
9%
Co-Co Boy
9%
Le Royaume
9%
L'Odyssée de l'étrange
9%
Salut les petits loups
9%
Ali Baba
8%
Histoires sans paroles
8%
Love and Bluff : Qui de nous trois ?
8%
Très chasse
8%
La France défigurée
7%
Link, la vie en face
7%
Atout Cœur
6%
Islam
6%
Présence protestante
6%
Le Monde de l'accordéon
4%
Orthodoxie
4%
Aucun quiz correspondant
Distribution des résultats
% des personnes avec chaque résultat
Percentile par nombre de réponses
Votre historique - résultats
Vous n’avez pas pris ce quiz